000 02551nam a22003497a 4500
005 20210325185222.0
008 s2529 th tha d
041 _atha
090 _aอ AE370.T5
_bศ211ส 2529
110 0 _aมหาวิทยาลัยศรีนครินทรวิโรม สงขลา. สถาบันทักษิณคดีศึกษา
245 1 0 _aสารานุกรมวัฒนธรรมภาคใต้ พ.ศ. 2529 เล่ม 10 สุวรรณคูหา วัด ฺฮู้
260 3 _aกรุงเทพฯ :
_bอมรินทร์การพิมพ์,
_c2529
300 _a3863-4305 หน้า :
_bภาพประกอบ ;
_c29 ซม.
610 _aมหาวิทยาลัยศรีนครินทรวิโรม สงขลา. สถาบันทักษิณคดีศึกษา
650 0 4 _aไทย (ภาคใต้) รวมเรื่อง
650 0 4 _aวัฒนธรรมไทย (ภาคใต้)
650 0 4 _aศิลปกรรมก่อนประวัติศาสตร์
650 0 4 _aศิลปหัตถกรรม
650 0 4 _aสารานุกรม
650 0 4 _aสุวัฒน์ วรดิลก, 2466 -- ชีวประวัติ
650 0 4 _aหนังตะลุง
650 0 4 _aหนังสือโบราณ
650 0 4 _aเหมืองแร่
650 0 4 _aโบราณคดี
650 0 4 _aไทย (ภาคใต้) -- ความเป็นอยู่และประเพณี
650 0 4 _aไทย (ภาคใต้) -- ภูมิประเทศและการท่องเที่ยว
650 0 4 _aไทย (ภาคใต้) -- ภูมิประเทศและการท่องเที่ยวไทย (ภาคใต้) -- ความเป็นอยู่และประเพณีโบราณคดีเหมืองแร่หนังสือโบราณหนังตะลุงสุวัฒน์ วรดิลก, 2466 -- ชีวประวัติสารานุกรมศิลปหัตถกรรมศิลปกรรมก่อนประวัติศาสตร์วัฒนธรรมไทย (ภาคใต้)ไทย (ภาคใต้) รวมเรื่อง
850 _aNALT
942 _cREF
997 _c000000000022357
998 _aVSINEE MUNKLAD
999 _c22357
_d22357